000 00929nam a22002297a 4500
999 _c173475
_d173475
003 dpl
005 20200226134124.0
008 200226b ||||| |||| 00| 0 eng d
010 _aB-057591
020 _c150.00
035 _aB-057591
040 _c0
050 _a827
_bशर्मापू
082 _a827
_bशर्मापू
100 _aसरमा,पूरम
245 _aइक्कीसवी सदी का साहित्यकार
_cपूरम सरमा
_hHN
246 _aEKKISVIN SADI KA SAHITYAKAR
_hHN
260 _aबीकानेर
_bकिशनलाल गाड़ोदिया
_c2000
270 _aफड़ बाज़ार
_bबीकानेर
_dइंडिया
_e334001
300 _a120 प्र०
_c13 सेमी
942 _2ddc
_cHN
_h827
_iशर्मापू
_k827
_mशर्मापू